Statistiken für Beste Champions League Torschützen FC Bayern München

Klicken Sie hier um das Quiz zu spielen!

Allgemein

  • Dieses Quiz wurde 530 mal gespielt
    (93 seit der letzten Aktualisierung)
  • Das Durchschnittsergebnis liegt bei 24 aus 37

Antwortstatistiken

SaisonNationalitätToreSpieler% Korrekt
2023/24England8Harry Kane
100%
2021/22Polen13Robert Lewandowski
99%
2020/21Polen5Robert Lewandowski
99%
2019/20Polen15Robert Lewandowski
99%
2018/19Polen8Robert Lewandowski
99%
2017/18Polen5Robert Lewandowski
99%
2016/17Polen8Robert Lewandowski
99%
2015/16Polen9Robert Lewandowski
99%
2012/13Deutschland8Thomas Müller
94%
2014/15Deutschland7Thomas Müller
94%
2013/14Deutschland5Thomas Müller
94%
2006/07Peru4Claudio Pizarro
89%
2002/03Peru1Claudio Pizarro
89%
2011/12Deutschland12Mario Gómez
89%
2010/11Deutschland8Mario Gómez
89%
2022/23Deutschland4Leroy Sané
87%
2022/23Kamerun4Eric Maxim Choupo-Moting
86%
2008/09Deutschland7Miroslav Klose
79%
2002/03Brasilien1Giovane Élber
75%
2000/01Brasilien6Giovane Élber
75%
2001/02Brasilien6Giovane Élber
75%
2009/10Kroatien7Ivica Olić
72%
2004/05Niederlande7Roy Makaay
66%
2003/04Niederlande6Roy Makaay
66%
2002/03Paraguay1Roque Santa Cruz
48%
1997/98Deutschland4Carsten Jancker
38%
1994/95Deutschland3Mehmet Scholl
35%
1998/99Deutschland4Stefan Effenberg
34%
2002/03Bosnien und Herzegowina1Hasan Salihamidžić
33%
2002/03Kroatien1Niko Kovač
26%
1999/00Brasilien7Paulo Sérgio
24%
1998/99Deutschland4Mario Basler
20%
2005/06Deutschland3Sebastian Deisler
11%
2002/03Deutschland1Michael Tarnat
8%
2002/03Deutschland1Thomas Linke
8%
1994/95Deutschland3Christian Nerlinger
4%
2002/03Deutschland1Markus Feulner
1%

Verteilung der Resultate

Perzentil nach korrekt beantworteten Fragen

Anzahl Personen mit jedem Resultat

Ihre Resultats-Entwicklung

Sie haben dieses Quiz seit der letzten Aktualisierung nicht gespielt